000 00392nam a2200157Ia 4500
008 210716s2012 xx 000 0 und d
020 _a9788184952209
041 _aeng
082 _a658 MANS
100 _aMandal, S K.
245 _aManagement: principles and practice.
250 _a1
260 _aNew Delhi
_bJaico Publishing House
_c2012
300 _axvi,484
650 _aMANAGEMENT
999 _c208635
_d208635